000 00801nam a2200217Ii 4500
003 JO-AjNU
008 230605s9999||||xx |||||||||||||| ||und||
017 _a1999/1/109
040 _aJO-AjNU
_bara
_erda
_cJO-AjNU
041 _aara
050 1 4 _aDS36.88.A28 1999
100 3 _aحوار الكركي، خالد، حوار همام غضيب، حوار نبيل الشريف,
_eauthor
_946314
245 0 0 _aمن أجل وحدة ثقافية عربية: حوار الشهر "10" مع أحمد كمال أبو المجد
250 _aط1
264 3 1 _aعمان: مؤسسة عبد الحميد شومان، 1999
300 _a60ص
336 _atext
_btxt
_2rdacontent
337 _aunmediated
_bn
_2rdamedia
338 _avolume
_bnc
_2rdacarrier
650 4 _aعالم عربي - حضارة
_946315
999 _aA20138
_c23706
_d23706